1HGGSP : La Démocratie : AXE 2 - Statistiques

Statistiques générales
  • Ce quiz a été pris 23 fois
  • Le résultat moyen est 25 sur 38
Statistiques - réponses
Questions Réponses % Correct
Quel aristocrate français se rend aux États-Unis pour étudier le système politique ? Alexis de Tocqueville
94%
Quel pays d'Amérique Latine, étudié en cours, est une démocratie au début des années 1970 ? Chili
94%
VRAI - FAUX : Pour lui, la marche vers la démocratie est irresistible. VRAI
94%
VRAI - FAUX : Pour lui, la démocratie contient en son sein des dangers/limites. VRAI
94%
VRAI - FAUX : Il décide d'opérer une rupture avec le régime de son prédécesseur. Vrai
94%
VRAI - FAUX : La population accompagne cette action militaire. Vrai
94%
Quel militaire est à la manoeuvre lors de ce coup d'État ? Augusto Pinochet
88%
Quels pays d'Europe de l'ouest sont encore des dictatures au tournant des années 1970 ? Espagne
88%
VRAI - FAUX : Ses réformes permettent d'unifier le pays. Faux
88%
Dans quel contexte arrive-t-il au pouvoir ? guerre civile (1936-1939)
88%
Quel est le contexte international du pays ? Guerres coloniales
88%
Quels pays d'Europe de l'ouest sont encore des dictatures au tournant des années 1970 ? Portugal
88%
Qui est l'homme fort du plus grand pays des deux en terme du superficie ? Franco
81%
Quel pays s'oppose aux réformes mises en place ? Les États-Unis
81%
Quel homme politique arrive, légalement au pouvoir, en 1970 ? Salvador Allende
81%
Quelle est son orientation politique ? Socialiste
81%
Quel métal est, par exemple, nationalisé sous sa présidence ? Cuivre
75%
Comment se nomme son ouvrage publié en 1835 et 1840 ? De la Démocratie en Amérique
75%
Qui est l'homme fort du second pays étudié ? Salazar
75%
Quels concepts pour lui constituent pour lui des menaces pour la démocratie ? Tyrannie de la majorité
75%
Quand a lieu le coup d'État renversant le pouvoir ? (date précise attendue) 11 septembre 1973
69%
Qui est alors son héritier à la tête du pays ? Juan Carlos Ier (Roi)
69%
Quel évènement, démontrant la fragilité du processus, a lieu en 1981 ? Tentative coup d'État
69%
Quel est le contexte international de l'époque ? Guerre froide
63%
Qui apparait alors comme le protecteur de la démocratie ? Le Roi
63%
Quand l'armée mène-t-elle une révolution ? 1974
50%
Quel est le surnom de cette révolution ? Révolution des oeillets
50%
Quand meurt-il ? (année attendue) 1975
44%
Quels concepts pour lui constituent pour lui des menaces pour la démocratie ? Despotisme doux
44%
Quel est alors son métier ? Économiste / Professeur
44%
Quand a-t-il un AVC, l'écartant du pouvoir ? 1968
38%
Quand ont lieu les premières elections libres ? 1977
38%
Quel nom donne-t-on à son régime ? Estado Novo (1933)
38%
Quelle infrastructure de Santiago (capitale du pays) est utilisée comme centre de détention des manifestants à ce coup d'État ? Stade de foot
38%
Quand une constitution démocratique est-elle adoptée dans ce pays ? 1976
31%
En quelle année ? 1986
31%
Quelle organisation ces deux pays rejoignent-ils la même année ? Communauté économique européenne
31%
Quel processus met-il en place ? Transition démocratique
25%
Aucun quiz correspondant
Distribution des résultats
% des personnes avec chaque résultat
Percentile par nombre de réponses
Votre historique - résultats
Vous n’avez pas pris ce quiz